Критические нейтронно-физические параметры бинарных сплавов торий-уран и торий-плутоний; Цветные металлы; № 4

Dades bibliogràfiques
Parent link:Цветные металлы: научно-технический и производственный журнал/ Норильский Никель ; Национальный исследовательский технологический университет "МИСиС" ; Национальный исследовательский Томский политехнический университет (ТПУ).— , 1930-.— 0372-2929
№ 4.— 2006.— С. 83-87
Autor principal: Бойко В. И. Владимир Ильич
Altres autors: Шаманин И. В. Игорь Владимирович, Нестеров В. Н. Владимир Николаевич
Idioma:rus
Publicat: 2006
Matèries:
Format: MixedMaterials Capítol de llibre
KOHA link:https://koha.lib.tpu.ru/cgi-bin/koha/opac-detail.pl?biblionumber=462814

MARC

LEADER 00000naa2a2200000 4500
001 462814
005 20231220135937.0
035 |a (RuTPU)RU\TPU\prd\126906 
035 |a RU\TPU\prd\108304 
090 |a 462814 
100 |a 20111202a2006 k y0rusy50 ca 
101 0 |a rus 
102 |a RU 
200 1 |a Критические нейтронно-физические параметры бинарных сплавов торий-уран и торий-плутоний  |f В. И. Бойко, И. В. Шаманин, В. Н. Нестеров 
320 |a Библиогр.: с.87 
461 0 |0 (RuTPU)RU\TPU\prd\430  |x 0372-2929  |t Цветные металлы  |o научно-технический и производственный журнал  |f Норильский Никель ; Национальный исследовательский технологический университет "МИСиС" ; Национальный исследовательский Томский политехнический университет (ТПУ)  |d 1930- 
463 0 |0 (RuTPU)RU\TPU\prd\126904  |t № 4  |v С. 83-87  |d 2006 
610 1 |a труды учёных ТПУ 
700 1 |a Бойко  |b В. И.  |c российский физик-ядерщик, доктор физико-математических наук  |c профессор Томского политехнического университета  |f 1943-  |g Владимир Ильич  |3 (RuTPU)RU\TPU\pers\21949  |4 070 
701 1 |a Шаманин  |b И. В.  |c российский физик-ядерщик, специалист в области атомной энергетики  |c профессор Томского политехнического университета, доктор физико-математических наук  |f 1962-  |g Игорь Владимирович  |3 (RuTPU)RU\TPU\pers\22022 
701 1 |a Нестеров  |b В. Н.  |c специалист в области атомной энергетики  |c доцент Томского политехнического университета, кандидат технических наук  |f 1977-  |g Владимир Николаевич  |3 (RuTPU)RU\TPU\pers\26412  |9 12116 
801 1 |a RU  |b 63413507  |c 20100421 
801 2 |a RU  |b 63413507  |c 20151116  |g RCR 
942 |c BK